000 00468nam a2200181Ia 4500
001 23250
005 20260414150925.0
008 260414t2008||||xx |||||||||||||| ||spa||
041 _aESP
082 _a627.52
_bC75
100 _aColoma Elías, Guillermo W.
_eAUT
245 0 _aLas primeras irrigaciones realizadas por el estado en el Perú
_b
260 _c2008
300 _a122 páginas :
_c24 cm.
650 _a0
654 _aCIC
942 _cLIB
_dJUS
_fJUS
_2ddc
_n
999 _c23250
_d23250